| 000 | 00000nam##2200000za#4500 |
| 001 | 9.663099 |
| 003 | CaOODSP |
| 005 | 20200401083648 |
| 007 | ta |
| 008 | 150407|2001||||xxc||||| f|0| 0 eng|d |
| 020 | |a0-662-65988-0 |
| 040 | |aCaOODSP|beng |
| 041 | |aeng |
| 041 | |afre |
| 043 | |an-cn--- |
| 086 | 1 |aSE1-5/1-2000-1 |
| 110 | 1 |aCanada.|bElections Canada. |bChief Electoral Officer of Canada. |
| 245 | 10|aModernizing the electoral process : |brecommendations from the Chief Electoral Officer of Canada following the 37th general election |
| 260 | |aOttawa - Ontario : |bElections Canada. |c2001. |
| 300 | |aEnglish text, v, 172p. : |breferences ; |c28 cm. |
| 546 | |aBilingual |
| 563 | |aSpiral binding |
| 590 | |a02-01|b2002-01-04 |
| 690 | 07|aElectoral system|2gcpds |
| 690 | 07|aElections|2gcpds |
| 776 | 0#|tModerniser le processus électoral : |w(CaOODSP)9.641802 |
| 776 | 0#|tModernizing the electoral process : |w(CaOODSP)9.697800 |
| 792 | |tModerniser le processus électoral : |efre|w(CaOODSP)9.663100 |